000 00573nam a2200181Ia 4500
008 151202s9999||||xx |||||||||||||| ||und||
082 _bPNVM-57411
100 _aसाळगावकर शशिकला.
245 _aजमाना.
260 _b"मेहता पब्लिशींग हाऊस, पुणे."
260 _c1994
300 _a228
600 _aसाळगावकर शशिकला.
630 _aजमाना.
700 _aसाळगावकर शशिकला.
730 _aजमाना.
942 _cBOOK
999 _c1323949
_d1323946